| 000 -ლიდერი |
| ფიქსირებული სიგრძის საკონტროლო ველი |
00954nam a22002057a 4500 |
| 003 - საკონტროლო ნომრის იდენტიფიკატორი |
| საკონტროლო ველი |
Ge_BSU |
| 005 - ბოლო ოპერაციის თარიღი და დრო |
| საკონტროლო ველი |
20221128122925.0 |
| 008 - ფიქსირებული სიგრძის მონაცემთა ელემენტები - ზოგადი ინფორმაცია |
| ფიქსირებული სიგრძის საკონტროლო ველი |
221128s1982ge xxu||||| |||| 00| 0 geo d |
| 041 ## - ენის კოდი |
| Language code of text/sound track or separate title |
geo |
| 080 ## - უნივერსალური ათობითი კლასიფიკაციის ინდექსი |
| Universal Decimal Classification number |
821.512.161-31 ბ-18 |
| 100 ## - მთავარი ჩანაწერი - პიროვნების სახელი |
| Personal name |
ბაიქურთი, ფაქირ. |
| 9 (RLIN) |
16144 |
| 245 ## - ცნობა სათაურის შესახებ |
| Title |
გველების შურისძიება : |
| Remainder of title |
რომანი / |
| Statement of responsibility, etc |
ფაქირ ბაიქურთი ; თურქულიდან თარგმნა იბრაიმ გორგაძემ ; |
| 264 ## - წარმოების, გამოცემის, დისტრიბუციის და სხვა ცნობები |
| გამოცემის, წარმოების, დისტრიბუციის... ადგილი |
ბათუმი : |
| გამოცემის, წარმოების, დისტრიბუციის... სახელწოდება |
საბჭოთა აჭარა, |
| გამოცემის, წარმოების, დისტრიბუციის... თარიღი |
1982. |
| 300 ## - ფიზიკური აღწერა |
| Extent |
234 გვ. ; |
| Other physical details |
20 სმ. |
| 546 ## - LANGUAGE NOTE |
| Language note |
პარალ. თავფურ. თურქ. ენ. |
| 653 ## - INDEX TERM--UNCONTROLLED |
| Uncontrolled term |
გველების შურისძიება |
| 653 ## - INDEX TERM--UNCONTROLLED |
| Uncontrolled term |
რომანი |
| 700 ## - ADDED ENTRY--PERSONAL NAME |
| Personal name |
გორგაძე, იბრაიმ |
| Relator term |
მთარგმნელი |
| 9 (RLIN) |
16145 |
| 942 ## - ADDED ENTRY ELEMENTS (KOHA) |
| Source of classification or shelving scheme |
|
| Koha item type |
წიგნი |